Normal view
MARC view
- Zain-ul-Abdeen Qureshi (360973)
Entry Personal Name
001 - CONTROL NUMBER
- control field: 118269
003 - CONTROL NUMBER IDENTIFIER
- control field: NUST
005 - DATE AND TIME OF LATEST TRANSACTION
- control field: 20230928111253.0
008 - FIXED-LENGTH DATA ELEMENTS
- fixed length control field: 230928|| aca||aabn | a|a d
040 ## - CATALOGING SOURCE
- Original cataloging agency: NUST
- Transcribing agency: NUST
100 ## - HEADING--PERSONAL NAME
- Personal name: Zain-ul-Abdeen Qureshi (360973)
670 ## - SOURCE DATA FOUND
- Source citation: Work cat.: (NUST)603236: Zain-ul-Abdeen Qureshi (360973), An Integrated Assessment Framework of renewable based Microgrid Deployment for Remote isolated area Electrification across different Climatic Zones and Future grid Extensions /, 2023
